书目信息 |
| 题名: |
邓小平在重大历史关头
|
|
| 作者: | 宫力 著 | |
| 分册: | ||
| 出版信息: | 北京 中共中央党校出版社 2000.01 |
|
| 页数: | 455页 | |
| 开本: | 32开 | |
| 丛书名: | ||
| 单 册: | ||
| 中图分类: | A762 | |
| 科图分类: | ||
| 主题词: | 马克思--生事迹 , 马克思--传记 , 恩格斯--生平事迹 , 恩格斯--传记 , 列宁--生平事迹 , 列宁--传记 , 毛泽东--生平事迹 , 毛泽--传记 | |
| 电子资源: | ||
| ISBN: | 7-5035-2070-1 | |
| 000 | 00777nam0 2200277 45 | |
| 001 | 0008030867 | |
| 005 | 20000803084222.1 | |
| 010 | @a7-5035-2070-1@d25.00元 | |
| 100 | @a20000803d2000 km y0chiy0120 ea | |
| 101 | 0 | @achi |
| 105 | @a z 000yy | |
| 200 | 1 | @a邓小平在重大历史关头@ADeng Xiao Ping Zai Zhong Da Li Shi Guan Tou@f宫力等著@FGong Li Deng Zhu |
| 210 | @a北京@c中共中央党校出版社@d2000.01 | |
| 215 | @a455页@d32开 | |
| 606 | 0 | @a马克思@x生事迹 |
| 606 | 0 | @a马克思@x传记 |
| 606 | 0 | @a恩格斯@x生平事迹 |
| 606 | 0 | @a恩格斯@x传记 |
| 606 | 0 | @a列宁@x生平事迹 |
| 606 | 0 | @a列宁@x传记 |
| 606 | 0 | @a毛泽东@x生平事迹 |
| 606 | 0 | @a毛泽@x传记 |
| 690 | @aA762@v3 | |
| 701 | 0 | @a宫力@4著 |
| 801 | @aCN@bPftUser@c20000803 | |
| 905 | @b87644-648@dA762@eG.323@f5 | |
| 邓小平在重大历史关头/宫力等著.-北京:中共中央党校出版社,2000.01 |
| 455页;32开 |
| ISBN 7-5035-2070-1:25.00元 |
| ● |
| 相关链接 |
|
|
|
正题名:邓小平在重大历史关头
索取号:A762/G.323
 
预约/预借
| 序号 | 登录号 | 条形码 | 馆藏地/架位号 | 状态 | 备注 |
| 1 | 87644 | 200876445 | 社科库509/509社科库 3排3列2层/ [索取号:A762/G.323] | 在馆 | |
| 2 | 87645 | 200876454 | 法学院资料室/ [索取号:A762/G.323] | 在馆 | |
| 3 | 87646 | 200876463 | 社科库509/509社科库 3排3列2层/ [索取号:A762/G.323] | 在馆 | |
| 4 | 87647 | 200876472 | 社科库509/509社科库 3排3列2层/ [索取号:A762/G.323] | 在馆 | |
| 5 | 87648 | 200876481 | 法学院资料室/ [索取号:A762/G.323] | 在馆 |